Normal view
MARC view
- تأليف: مطر، محمد/ م.مشارك: عبدالكريم زواتي
Entry Personal Name
001 - CONTROL NUMBER
- control field: 34016
003 - CONTROL NUMBER IDENTIFIER
- control field: JO-AjAnu
005 - DATE AND TIME OF LATEST TRANSACTION
- control field: 20230606075712.0
008 - FIXED-LENGTH DATA ELEMENTS
- fixed length control field: 230606|| aca||aabn | a|a d
040 ## - CATALOGING SOURCE
- Original cataloging agency: JO-AjAnu
- Transcribing agency: JO-AjAnu
100 ## - HEADING--PERSONAL NAME
- Personal name: تأليف: مطر، محمد/ م.مشارك: عبدالكريم زواتي
670 ## - SOURCE DATA FOUND
- Source citation: Work cat.: (JO-AjAnu)17471: تأليف: مطر، محمد/ م.مشارك: عبدالكريم زواتي, author, المحاسبة المتقدمة: حالات وتطبيقات عملية في المشاكل المحاسبية المعاصرة